| 000 | 01056nam a22002057a 4500 | ||
|---|---|---|---|
| 003 | OSt | ||
| 005 | 20251116163303.0 | ||
| 008 | 251116b |||||||| |||| 00| 0 eng d | ||
| 040 | _cDCL | ||
| 082 | _a၂၉၄.၃၈၂၄၆ | ||
| 130 |
_aတိပိဋက။ _pအဘိဓမ္မာပိဋက။ _tယမိုက်၊ _lပါဠိတော်၊ _sနိဿယ။ |
||
| 245 |
_aယမိုက်ပါဠိတော်နိဿယ၊ _nပထမတွဲ / _cအရှင်နန္ဒမေဓာ။ |
||
| 250 | _aဒုတိယကြိမ်။ | ||
| 264 |
_aရန်ကုန် ၊ _bဣစ္ဆာသယပိဋကတ်စာပုံနှိပ်တိုက်၊ _c၁၉၇၈။ |
||
| 300 |
_aဋ၊၃၉၆ စာမျက်နှာ ၊ _c၂၅ စင်တီ။ |
||
| 650 |
_aယမိုက် _vပါဠိတော်နိဿယ။ |
||
| 650 |
_aယမက _vပါဠိတော်နိဿယ။ |
||
| 700 | _aနန္ဒမေဓာ၊ အရှင် | ||
| 942 |
_2ddc _cSHORT TERM _n0 |
||
| 999 |
_c2482 _d2482 |
||